Word Puzzles - Countries of the World - Statistics

General Stats
  • This quiz has been taken 58 times
  • The average score is 19 of 34
Answer Stats
Hint Answer % Correct
The opposite of far away. Near
90%
A fairly weak lyric in the Sound of Music: "A note to follow So". La
86%
Do, do, do this thing, gently down the stream. Row
80%
Lived at Green Gables. Anne
78%
Football (soccer) fans shout this excitedly when their team scores. Goal!!!!
78%
(Country) Angola
74%
(Country) Romania
72%
What I look forward to sitting down with in the pub on Friday evening. A beer
70%
What people generally use to enter a room. A door
70%
And Betty, when you call me, you can call me this. Al
70%
A female pig. Sow
68%
Animals and plants that don't live in the sea or in rivers, well I guess they must live on here: Land
66%
An abnormal state of over-excitement and energy. Mania
66%
Scrooge's catchphrase (without the stripey sweet). Bah
64%
There are tv channels that have this on 24 hours a day (until you are paranoid and mad). News
64%
(Country) New Zealand
64%
(Country) Albania
62%
This Anglo-Saxon suffix in a plant name, tells you it's poisonous (hen-, flea-, etc). Bane
62%
This strange long fish is 'anadromous', meaning it spends part of its lifecycle in the sea, and part in rivers. Eel
56%
Things that have a lot of Stuff in them have a large one of these (measured in kg, it's not weight). Mass
54%
A classic joke. Bob: I went on a Caribbean cruise with my missus last month. Fred: (Name of country)? Bob: Oh no, she wanted to go. Jamaica
52%
(Country) Bahamas
50%
(Country) El Salvador
50%
Cats are feline, dogs are canine. These animals are 'cervine'. Deer
42%
A fashion and beauty 'lifestyle' magazine, founded 1945. Elle
42%
An ointment that helps soothe and heal the skin. Salve
42%
This world-famous American airline (with its blue globe logo) went bust in 1991. Pan Am
38%
(Country) Panama
38%
Writing endless risk assessments allegedly stops you coming to this. Harm
36%
Johnny, he played guitar in The Smiths. Marr
36%
(Country) Saudi Arabia
36%
(Country) Senegal
22%
The pods of this plant will keep you 'regular'. Senna
22%
This strange growth on a plant can be caused by an insect, fungus or bacteria, etc. Gall
20%
No matching quizzes found
Score Distribution
Percent of People with Each Score
Percentile by Number Answered
Your Score History
You have not taken this quiz